| 000 | 01169nam a22002535i 4500 | ||
|---|---|---|---|
| 001 | 176561 | ||
| 003 | ES-MaACL | ||
| 005 | 20251115063318.0 | ||
| 008 | 110124q1950 sp 000 d spa d | ||
| 080 | _a821.134.2-22"19" | ||
| 100 | 1 |
_aMuñoz Seca, Pedro, _d1881-1936 _984499 |
|
| 245 | 1 | 5 |
_aLas "cosas" de Gómez : _bjuguete cómico en un acto / _coriginal de Pedro Muñoz Seca y Pedro Pérez Fernández . Clemente el bonito : chascarrillo en acción ; Lola, Lolita, Lolilla y Lolo : pasillo cómico en un acto / original de Pedro Pérez Fernández. |
| 246 | 3 | _aClemente el bonito | |
| 246 | 3 | _aLola, Lolita, Lolilla y Lolo | |
| 260 |
_aMadrid : _b[s. n., _cca.1950] ( _fArba, imp.) |
||
| 300 |
_a51 p. ; _c17 cm. |
||
| 490 | 1 |
_aBiblioteca teatral ; _v141 |
|
| 594 | _aEn port.: Estrenada en el Teatro Tívoli, de Barcelona, el 23 de junio de 1928, por la compañía del Teatro de la Comedia, de Madrid | ||
| 599 | _aAntep. ilustrada. | ||
| 700 | 1 |
_aPérez Fernández, Pedro. _990862 |
|
| 830 | 1 |
_aBiblioteca teatral ; _v141 _9190120 |
|
| 852 | 4 |
_aES-MaACL _jE-14125 (141) _xOlim P-302 _z- Enc. con otros títulos |
|
| 999 |
_c176561 _d176561 |
||